জীববৈচিত্র্য সংরক্ষণ কর্মকৌশল ও কর্মপরিকল্পনা প্রণয়ণ অনুসরণিকা / (Record no. 85947)
[ view plain ]
| 000 -LEADER | |
|---|---|
| fixed length control field | 01014nam a2200241 a 4500 |
| 001 - CONTROL NUMBER | |
| control field | 85947 |
| 003 - CONTROL NUMBER IDENTIFIER | |
| rucl marc code | BD-RjUL |
| 005 - DATE AND TIME OF LATEST TRANSACTION | |
| control field | 20251113111446.0 |
| 008 - FIXED-LENGTH DATA ELEMENTS--GENERAL INFORMATION | |
| fixed length control field | 251113s2001 bg ||||| |||| 00| 0 ben d |
| 020 ## - INTERNATIONAL STANDARD BOOK NUMBER | |
| International Standard Book Number | 9843110897 |
| 035 ## - SYSTEM CONTROL NUMBER | |
| System control number | (BD-RjUL)85947 |
| 040 ## - CATALOGING SOURCE | |
| Original cataloging agency | BD-RjUL |
| Language of cataloging | eng |
| Transcribing agency | BD-RjUL |
| 041 ## - LANGUAGE CODE | |
| Language code of text/sound track or separate title | ben |
| 082 ## - DEWEY DECIMAL CLASSIFICATION NUMBER | |
| Edition number | 23 |
| Classification number | 639.9 |
| Author mark and year | HAJ 2001 |
| 100 ## - MAIN ENTRY--PERSONAL NAME | |
| Personal name | হেইগ্যন, রয় এ. |
| 9 (RLIN) | 17317 |
| 245 ## - TITLE STATEMENT | |
| Title | জীববৈচিত্র্য সংরক্ষণ কর্মকৌশল ও কর্মপরিকল্পনা প্রণয়ণ অনুসরণিকা / |
| Statement of responsibility, etc. | রয় এ. হেইগ্যন ; ভাষান্তর আইনুন নিশাত |
| 260 ## - PUBLICATION, DISTRIBUTION, ETC. (IMPRINT) | |
| Date of publication, distribution, etc. | ২০০১ |
| 300 ## - PHYSICAL DESCRIPTION | |
| Pagination | ৬৯ পৃ.: |
| Illustrations | চিত্রসমূহ; |
| Size | ২৫ সেমি. |
| 650 ## - SUBJECT ADDED ENTRY--TOPICAL TERM | |
| Topical term or geographic name as entry element | জৈবিক সম্পদ সংরক্ষণ |
| 9 (RLIN) | 17318 |
| Topical term or geographic name as entry element | Conservation of biological resources |
| 9 (RLIN) | 17319 |
| 700 ## - ADDED ENTRY--PERSONAL NAME | |
| Personal name | নিশাত, আইনুন |
| 942 ## - ADDED ENTRY ELEMENTS (KOHA) | |
| Source of classification or shelving scheme | Dewey Decimal Classification |
| Koha item type | Books |
| Lost status | Source of classification or shelving scheme | Damaged status | Not for loan | Collection code | Permanent Location | Current Location | Shelving location | Date acquired | Total Checkouts | Full call number | Date last seen | Copy number | Koha item type |
|---|---|---|---|---|---|---|---|---|---|---|---|---|---|
| Dewey Decimal Classification | Not For Loan | Non-fiction | Central Library, University of Rajshahi | Central Library, University of Rajshahi | Reading Room | 04/11/2001 | B 639.9 HAJ 2001 | 13/11/2025 | C-1 | Books |